Historical Information in Isaiah 1-39 (Record no. 223798)
[ view plain ]
| 000 -CABECERA | |
|---|---|
| Campo de control de longitud fija | 00435naa a22001217u 4500 |
| 008 - CÓDIGOS DE INFORMACIÓN DE LONGITUD FIJA | |
| Campo de control de longitud fija | 130517b1997 xxu||||| |||| 00| 0 eng d |
| 040 ## - FUENTE DE LA CATALOGACIÓN | |
| Centro catalogador del origen | ENG |
| 100 1# - PUNTO DE ACCESO PRINCIPAL-NOMBRE DE PERSONA | |
| Nombre de persona | Schoors, Antonn |
| 9 (RLIN) | 9839 |
| 245 00 - MENCIÓN DE TÍTULO | |
| Título | Historical Information in Isaiah 1-39 |
| 300 ## - DESCRIPCIÓN FÍSICA | |
| Extensión | 75-94 p. |
| Dimensiones | 24 cm. |
| 773 0# - ENLACE AL DOCUMENTO FUENTE | |
| Título | Studies in the book of Isaiah |
| Encabezamiento principal | BEUKEN, W.A.M.;RUITEN, J. van; VERVENNE, Marc |
| Lugar, editor y fecha de publicación | Leuven,University Press,1997, |
| Parte(s) relacionada(s) | págs. 75-94 |
| Número Internacional Normalizado para Libros (ISBN) | 90-6186-817-3, |
| Número de control del registro relacionado | 68894 |
| 942 ## - ENTRADA DE ELEMENTOS AGREGADOS (KOHA) | |
| Koha [por defecto] tipo de item | Artículo de colaboración |
| Suprimido | Perdido | Estropeado | No para préstamo | Localización permanente | Localización actual | Localización en estantería | Fecha adquisición | Préstamos totales | Signatura completa | Fecha última consulta | Fecha del precio de reemplazo | Tipo de item de Koha |
|---|---|---|---|---|---|---|---|---|---|---|---|---|
| San Esteban | San Esteban | Depósito de libros | 21/05/2013 | 224 Is BEU | 21/05/2013 | 21/05/2013 | Artículo de colaboración |
